Top 10 Serbian Football Transfer Records - Statistics

General Stats
  • This quiz has been taken 192 times
    72 since last reset
  • The average score is 8 of 10
Answer Stats
Rank Name Joined Left Season Fee % Correct
3 Aleksandar Mitrović Al-Hilal SFC Fulham FC 23/24 €52.60m
98%
10 Aleksandar Mitrović Fulham FC Newcastle United 18/19 €24.70m
98%
1 Dušan Vlahović Juventus FC ACF Fiorentina 21/22 €83.50m
97%
4 Nemanja Matic Manchester United Chelsea FC 17/18 €44.70m
97%
8 Nemanja Matic Chelsea FC SL Benfica 13/14 €25.00m
97%
2 Luka Jović Real Madrid Eintracht Frankfurt 19/20 €63.00m
94%
5 Sergej Milinković-Savić Al-Hilal SFC SS Lazio 23/24 €40.00m
89%
6 Djordje Petrovic AFC Bournemouth Chelsea FC 25/26 €28.88m
75%
7 Lazar Markovic Liverpool FC SL Benfica 14/15 €25.00m
66%
9 Savo Milošević AC Parma Real Zaragoza 00/01 €25.00m
23%
No matching quizzes found
Score Distribution
Percent of People with Each Score
Percentile by Number Answered
Your Score History
You have not taken this quiz since the last reset